000 01030cam a2200301 i 4500
001 4692234
003 ARRUPE
005 20161025094559.0
008 810814s1979 enkabej bs 000 0 eng
010 _a 81466192
015 _aGB79-26972
020 _a0861040767 (pbk.) :
_c£3.95
020 _a0861040775
040 _aDLC
_cDLC
_dDLC
043 _ae-po---
050 0 0 _aHN593.5
_b.J46
082 0 0 _a307.7/2/094696
_219
100 1 _aJenkins, Robin,
_d1942-
_926955
245 1 4 _aThe road to Alto :
_ban account of peasants, capitalists, and the soil in the mountains of southern Portugal /
_c[by] Robin Jenkins.
260 _aLondon :
_bPluto Press,
_c1979.
300 _a158 p. :
_bill., geneal. tables, maps, plan ;
_c21 cm.
504 _aBibliography: p. [158]
650 0 _aVillages
_zPortugal
_vCase studies.
_926956
650 0 _aSocial classes
_zPortugal.
_926957
651 0 _aPortugal
_xRural conditions
_vCase studies.
_926958
906 _a7
_bcbc
_corignew
_d4
_encip
_f19
_gy-gencatlg
942 _2lcc
_cMONOGRAPH
999 _c125571
_d125571